ბათუმის შოთა რუსთაველის სახელმწიფო უნივერსიტეტის ბიბლიოთეკა

კანალიზაცია პირველი ნაწილი : (ბიბ.ჩანაწერი № 39196)

000 -ლიდერი
ფიქსირებული სიგრძის საკონტროლო ველი 00866nam a2200217Ia 4500
001 - საკონტროლო ნომერი
საკონტროლო ველი 5781
003 - საკონტროლო ნომრის იდენტიფიკატორი
საკონტროლო ველი GE_BSU
005 - ბოლო ოპერაციის თარიღი და დრო
საკონტროლო ველი 20190506115417.0
008 - ფიქსირებული სიგრძის მონაცემთა ელემენტები - ზოგადი ინფორმაცია
ფიქსირებული სიგრძის საკონტროლო ველი 181216s1981||||ge |||||||||||||| ||geo||
040 ## - კატალოგიზაციის წყარო
Transcribing agency GE_BSU
041 ## - ენის კოდი
Language code of text/sound track or separate title geo
080 ## - უნივერსალური ათობითი კლასიფიკაციის ინდექსი
Universal Decimal Classification number 628.2(075.8) ნ-23
100 ## - მთავარი ჩანაწერი - პიროვნების სახელი
Personal name ნამგალაძე, პ.
9 (RLIN) 752
245 ## - ცნობა სათაურის შესახებ
Title კანალიზაცია პირველი ნაწილი :
Remainder of title სახელმძღვ. /
Statement of responsibility, etc პ. ნამგალაძე ; რედ. პ.ლაბარტყავა.
264 ## - წარმოების, გამოცემის, დისტრიბუციის და სხვა ცნობები
გამოცემის, წარმოების, დისტრიბუციის... ადგილი თბილისი :
გამოცემის, წარმოების, დისტრიბუციის... სახელწოდება განათლება,
გამოცემის, წარმოების, დისტრიბუციის... თარიღი 1981.
300 ## - ფიზიკური აღწერა
Extent 312 გვ. :
Other physical details ილ. ;
Dimensions 22 სმ
504 ## - BIBLIOGRAPHY, ETC. NOTE
Bibliography, etc ბიბლიოგრ. : 307 გვ.
653 ## - INDEX TERM--UNCONTROLLED
Uncontrolled term კანალიზაცია
700 ## - ADDED ENTRY--PERSONAL NAME
Personal name ლაბარტყავა. პ.
Relator term რადაქტორი
9 (RLIN) 523
942 ## - ADDED ENTRY ELEMENTS (KOHA)
Koha item type წიგნი
Source of classification or shelving scheme
ეგზემპლარები
ჩამოწერის სტატუსი დაკარგული ეგზემპლარის სტატუსი კლასიფიკაციის წყარო ან თაროზე გაწყობის სქემა დაზიანების სტატუსი არ გაიცემა მუდმივი მდებარეობა (დაცვის ადგილი) ამჟამინდელი ადგილსამყოფელი თაროზე განთავსების ადგილი შეძენის თარიღი ღირებულება, შესყიდვის ნორმალური ფასი სრული შენახვის შიფრი შტრიხკოდი ბოლო ოპერაციის თარიღი ეგზემპლარის მიმდევრობითი ნომერი (კეტერი?) ფასის ძალაში შესვლის თარიღი ეგზემპლარის სახეობა საჯარო შენიშვნა
          ტექნოლოგიური ფაკულტეტის ბიბლიოთეკა ტექნოლოგიური ფაკულტეტის ბიბლიოთეკა წიგნსაცავი 2018-12-17 1.50 628.2(075.8) ნ-23 11721 2018-12-17 11721 2018-12-17 წიგნი 1.50 ლ.
          ტექნოლოგიური ფაკულტეტის ბიბლიოთეკა ტექნოლოგიური ფაკულტეტის ბიბლიოთეკა წიგნსაცავი 2018-12-17 1.50 628.2(075.8) ნ-23 11722 2018-12-17 11722 2018-12-17 წიგნი 1.50 ლ.
          ტექნოლოგიური ფაკულტეტის ბიბლიოთეკა ტექნოლოგიური ფაკულტეტის ბიბლიოთეკა წიგნსაცავი 2018-12-17 1.50 628.2(075.8) ნ-23 11723 2018-12-17 11723 2018-12-17 წიგნი 1.50 ლ.
          ტექნოლოგიური ფაკულტეტის ბიბლიოთეკა ტექნოლოგიური ფაკულტეტის ბიბლიოთეკა წიგნსაცავი 2018-12-17 1.50 628.2(075.8) ნ-23 11724 2018-12-17 11724 2018-12-17 წიგნი 1.50 ლ.
          ტექნოლოგიური ფაკულტეტის ბიბლიოთეკა ტექნოლოგიური ფაკულტეტის ბიბლიოთეკა წიგნსაცავი 2018-12-17 1.50 628.2(075.8) ნ-23 11725 2018-12-17 11725 2018-12-17 წიგნი 1.50 ლ.